[Event "Figueres op-A 16th"]
[Site "Figueres"]
[Date "2015.08.11"]
[Round "1"]
[White "Munoz Pantoja, Miguel Angel"]
[Black "Ryan, Martin"]
[Result "1-0"]
[WhiteElo "2434"]
[BlackElo "2064"]
[PlyCount "55"]
[EventDate "2015.08.11"]
[EventType "swiss"]
[EventRounds "9"]
[EventCountry "ESP"]
[SourceTitle "EXT 2016"]
[Source "ChessBase"]
[SourceDate "2015.10.08"]
[SourceVersion "1"]
[SourceVersionDate "2015.10.08"]
[SourceQuality "1"]

1. e4 c5 2. g3 d6 3. Bg2 Nc6 4. Ne2 g6 5. c3 Bg7 6. d4 cxd4 7. cxd4 Nf6 8. h3 0-0 9. Nbc3 h6 10. Be3 Kh7 11. 0-0 e5 12. Qd2 b6 13. f4 Ba6 14. Rf2 Rc8 15. g4 Nb4 16. Raf1 Nd3 17. Rf3 exf4 18. Bxf4 Nxf4 19. Rxf4 Kg8 20. Qe3 Nd7 21. R1f2 h5 22. gxh5 Bh6 23. Qg3 Bxf4 24. Nxf4 g5 25. h4 Kh8 26. hxg5 Rg8 27. Nh3 Bc4 28. Qxd6 1-0

[Event "Budapest FS08 FM-A"]
[Site "Budapest"]
[Date "2014.08.10"]
[Round "8"]
[White "Ryan, Martin"]
[Black "Denous, Cyprien"]
[Result "1/2-1/2"]
[WhiteElo "2055"]
[BlackElo "2004"]
[PlyCount "52"]
[EventDate "2014.08.02"]
[EventType "tourn"]
[EventRounds "9"]
[EventCountry "HUN"]
[SourceTitle "CBM 161 Extra"]
[Source "ChessBase"]
[SourceDate "2014.08.29"]
[SourceVersion "1"]
[SourceVersionDate "2014.08.29"]
[SourceQuality "1"]

1. e4 c5 2. Nf3 d6 3. d4 cxd4 4. Nxd4 Nf6 5. Nc3 a6 6. Be2 e5 7. Nb3 Be6 8. Bg5 Be7 9. Qd3 Nc6 10. Bxf6 Bxf6 11. 0-0-0 Be7 12. Kb1 0-0 13. Nd5 Bg5 14. h4 Bxh4 15. g3 Bf6 16. Qf3 Bg5 17. Qh5 h6 18. f4 Bf6 19. Nd2 Nd4 20. Bc4 Rc8 21. c3 Nb5 22. f5 Bxd5 23. Bxd5 Rxc3 24. Qg6 Qb6 25. Rxh6 Na3+ 26. Ka1 Nc2+ 1/2-1/2

[Event "FRA-ch U20"]
[Site "La Roche sur Yon"]
[Date "2008.04.24"]
[Round "6"]
[White "Bailet, Pierre"]
[Black "Ryan, Martin"]
[Result "1/2-1/2"]
[WhiteElo "2250"]
[BlackElo "2058"]
[PlyCount "65"]
[EventDate "2008.04.21"]
[EventType "swiss"]
[EventRounds "9"]
[EventCountry "FRA"]
[SourceTitle "EXT 2010"]
[Source "ChessBase"]
[SourceDate "2010.11.25"]
[SourceVersion "1"]
[SourceVersionDate "2010.11.25"]
[SourceQuality "1"]

1. Nf3 g6 2. e4 Bg7 3. d4 d6 4. c4 Nf6 5. Nc3 0-0 6. Be2 e5 7. 0-0 Nc6 8. d5 Ne7 9. b4 Nh5 10. Re1 f5 11. Ng5 Nf6 12. f3 Kh8 13. Kh1 Nh5 14. Ne6 Bxe6 15. dxe6 Nf4 16. Bxf4 exf4 17. Rc1 fxe4 18. fxe4 Be5 19. c5 f3 20. Bxf3 Nc6 21. Bg4 Qh4 22. Bh3 Qf4 23. g3 Qh6 24. Kg2 Rf2+ 25. Kxf2 Qxh3 26. Kg1 Bxg3 27. Re2 Ne5 28. Qf1 Nf3+ 29. Qxf3 Bxh2+ 30. Kf2 Bg3+ 31. Ke3 Bf4+ 32. Kf2 Bg3+ 33. Kg1 1/2-1/2

[Event "Montpellier op"]
[Site "Montpellier"]
[Date "2007.12.26"]
[Round "2"]
[White "Colautti Grosso, Marcela Fabiana"]
[Black "Ryan, Martin"]
[Result "0-1"]
[WhiteElo "1460"]
[BlackElo "2054"]
[PlyCount "42"]
[EventDate "2007.12.26"]
[EventType "swiss"]
[EventRounds "7"]
[EventCountry "FRA"]
[SourceTitle "CBM 122 Extra"]
[Source "ChessBase"]
[SourceDate "2008.03.04"]
[SourceVersion "1"]
[SourceVersionDate "2008.03.04"]
[SourceQuality "1"]

1. e4 c5 2. Nf3 d6 3. d4 cxd4 4. Qxd4 Nc6 5. Qa4 Bd7 6. Bb5 a6 7. Bxc6 Bxc6 8. Qd4 Nf6 9. Nc3 e6 10. Bg5 Be7 11. 0-0-0 Qc7 12. Rhe1 Rd8 13. Qe3 Qa5 14. e5 dxe5 15. Qxe5 Qxe5 16. Rxd8+ Bxd8 17. Rxe5 Bxf3 18. gxf3 Nd7 19. Nb5 Nxe5 20. Nd6+ Kd7 21. Bxd8 Kxd6 0-1

[Event "FRA-ch U20"]
[Site "Le Grand Bornand"]
[Date "2007.04.13"]
[Round "6"]
[White "Ryan, Martin"]
[Black "Juchet, Mathieu"]
[Result "1-0"]
[WhiteElo "2010"]
[BlackElo "1790"]
[PlyCount "117"]
[EventDate "2007.04.07"]
[EventType "swiss"]
[EventRounds "9"]
[EventCountry "FRA"]
[SourceTitle "CBM 118 Extra"]
[Source "ChessBase"]
[SourceDate "2007.07.04"]
[SourceVersion "1"]
[SourceVersionDate "2007.07.04"]
[SourceQuality "1"]

1. Nf3 Nc6 2. d4 d5 3. e3 Nf6 4. c4 dxc4 5. Bxc4 e6 6. 0-0 Be7 7. Nc3 0-0 8. a3 b6 9. e4 Bb7 10. Re1 h6 11. e5 Nh7 12. Be3 Bg5 13. Nxg5 Nxg5 14. h4 Nh7 15. Qg4 Kh8 16. Rad1 Ne7 17. Bd3 Nf5 18. Bxf5 exf5 19. Qf4 Qe7 20. d5 Rad8 21. g3 Rfe8 22. Qxf5 Qxe5 23. Qxe5 Rxe5 24. Bf4 Rxe1+ 25. Rxe1 c5 26. Re7 Ba8 27. Rxa7 Nf6 28. d6 Re8 29. Re7 Rd8 30. Rxf7 Kg8 31. Re7 Kf8 32. Be5 Bf3 33. Bxf6 gxf6 34. Ne4 f5 35. Nc3 Rxd6 36. Re5 Rf6 37. Nd5 Bxd5 38. Rxd5 Kf7 39. Re5 Kg6 40. Kg2 Rd6 41. Re8 Kf7 42. Rc8 Kf6 43. b4 cxb4 44. axb4 Ke7 45. Rc4 Ke6 46. g4 fxg4 47. Rxg4 Kf5 48. Rc4 Ke5 49. Kf3 h5 50. Ke3 Kf5 51. Rf4+ Ke5 52. Rf8 Rh6 53. f4+ Kd5 54. Kd3 Ke6 55. Ke4 Ke7 56. Rf5 Ke6 57. Rb5 Ke7 58. Kf5 Kf7 59. Kg5 1-0

[Event "FRA-ch U20"]
[Site "Le Grand Bornand"]
[Date "2007.04.11"]
[Round "4"]
[White "Ryan, Martin"]
[Black "Pantioukhine, Slava"]
[Result "1-0"]
[WhiteElo "2010"]
[BlackElo "1967"]
[PlyCount "53"]
[EventDate "2007.04.07"]
[EventType "swiss"]
[EventRounds "9"]
[EventCountry "FRA"]
[SourceTitle "CBM 118 Extra"]
[Source "ChessBase"]
[SourceDate "2007.07.04"]
[SourceVersion "1"]
[SourceVersionDate "2007.07.04"]
[SourceQuality "1"]

1. Nf3 f5 2. d3 Nf6 3. e4 d6 4. e5 dxe5 5. Nxe5 Nbd7 6. Bf4 Nxe5 7. Bxe5 e6 8. Be2 Bd6 9. d4 0-0 10. 0-0 b6 11. Bf3 Rb8 12. Nc3 Bxe5 13. dxe5 Qxd1 14. Raxd1 Ng4 15. Rfe1 a6 16. Bc6 b5 17. f4 Rb6 18. Bf3 Nh6 19. Rd2 Nf7 20. Red1 g5 21. g3 c5 22. Kf2 Bb7 23. Rd7 Bxf3 24. Kxf3 Rfb8 25. Rc7 Rd8 26. Rxd8+ Nxd8 27. Rc8 1-0

[Event "Cannes op"]
[Site "Cannes"]
[Date "2007.02.22"]
[Round "6"]
[White "Ryan, Martin"]
[Black "Delabaca, Romuald"]
[Result "0-1"]
[WhiteElo "2024"]
[BlackElo "2160"]
[PlyCount "68"]
[EventDate "2007.02.18"]
[EventType "swiss"]
[EventRounds "9"]
[EventCountry "FRA"]
[SourceTitle "CBM 116 Extra"]
[Source "ChessBase"]
[SourceDate "2007.03.07"]
[SourceVersion "1"]
[SourceVersionDate "2007.03.07"]
[SourceQuality "1"]

1. d4 Nf6 2. c4 e6 3. g3 c5 4. Nf3 a6 5. Bg2 cxd4 6. 0-0 Qc7 7. Qxd4 Nc6 8. Qd1 d6 9. Nc3 Be7 10. b3 0-0 11. Bb2 Bd7 12. Rc1 Qb8 13. Nd2 Ne5 14. Nde4 Bc6 15. Qc2 Rc8 16. Nxf6+ Bxf6 17. Ne4 Be7 18. Qd2 Rd8 19. Qf4 Ng6 20. Qe3 Qc7 21. Bd4 Re8 22. h4 Bf8 23. h5 Ne7 24. g4 e5 25. Bb2 f5 26. gxf5 Nxf5 27. Qg5 Qf7 28. f4 Be7 29. Qg4 Ne3 30. Qg3 Nxf1 31. Rxf1 Qxh5 32. fxe5 dxe5 33. Bxe5 Bc5+ 34. Rf2 Qxe5 0-1

[Event "Avoine op 21th"]
[Site "Avoine"]
[Date "2006.07.25"]
[Round "4"]
[White "Cotton, Philippe"]
[Black "Ryan, Martin"]
[Result "1-0"]
[WhiteElo "1909"]
[BlackElo "2044"]
[PlyCount "33"]
[EventDate "2006.07.22"]
[EventType "swiss"]
[EventRounds "9"]
[EventCountry "FRA"]
[SourceTitle "EXT 2007"]
[Source "ChessBase"]
[SourceDate "2006.11.23"]
[SourceVersion "1"]
[SourceVersionDate "2006.11.23"]
[SourceQuality "1"]

1. e4 c5 2. Nc3 Nc6 3. g3 g6 4. Bg2 Bg7 5. d3 d6 6. f4 e5 7. Nh3 Nge7 8. 0-0 0-0 9. f5 gxf5 10. exf5 f6 11. g4 d5 12. Ne2 c4 13. d4 exd4 14. Nxd4 Qb6 15. c3 Ne5 16. Nf4 Rd8 17. Kh1 1-0

[Event "FRA-chT2A 0506"]
[Site "France"]
[Date "2006.03.12"]
[Round "9.7"]
[White "Demarre, Jacques"]
[Black "Ryan, Martin"]
[Result "1-0"]
[WhiteElo "2224"]
[BlackElo "2078"]
[PlyCount "75"]
[EventDate "2005.10.27"]
[EventType "team-tourn"]
[EventRounds "11"]
[EventCountry "FRA"]
[SourceTitle "EXT 2006"]
[Source "ChessBase"]
[SourceDate "2005.11.24"]
[SourceVersion "1"]
[SourceVersionDate "2005.11.24"]
[SourceQuality "1"]
[WhiteTeam "Issy les Moulineaux"]
[BlackTeam "Clermont Ferrand"]
[WhiteTeamCountry "FRA"]
[BlackTeamCountry "FRA"]

1. e4 c5 2. c3 Nf6 3. e5 Nd5 4. d4 cxd4 5. Nf3 Nc6 6. Bc4 Nb6 7. Bb3 d5 8. exd6 Qxd6 9. Na3 Bf5 10. Nb5 Qb8 11. Nbxd4 Bg6 12. Qe2 Bh5 13. Nxc6 bxc6 14. Qe4 Bxf3 15. Qxf3 Qe5+ 16. Be3 Qf6 17. Qe2 e6 18. Rd1 Be7 19. h4 Qe5 20. 0-0 0-0 21. Qg4 h5 22. Qf3 Qf6 23. Qxc6 Qxh4 24. Rd4 Qf6 25. Rf4 Qg6 26. Bd4 Rac8 27. Qf3 Bd6 28. Rh4 Qf5 29. Qxf5 exf5 30. Rxh5 Bc5 31. Be5 Rfe8 32. Rxf5 Re7 33. Rg5 g6 34. Rxg6+ Kh7 35. Rg5 Kh6 36. Bf4 Kh7 37. Bc2+ Kh8 38. Be5+ 1-0

[Event "FRA-chT2A 0506"]
[Site "France"]
[Date "2006.03.11"]
[Round "8.5"]
[White "Ryan, Martin"]
[Black "L'Henoret, Thierry"]
[Result "0-1"]
[WhiteElo "2078"]
[BlackElo "2164"]
[PlyCount "60"]
[EventDate "2005.10.27"]
[EventType "team-tourn"]
[EventRounds "11"]
[EventCountry "FRA"]
[SourceTitle "EXT 2006"]
[Source "ChessBase"]
[SourceDate "2005.11.24"]
[SourceVersion "1"]
[SourceVersionDate "2005.11.24"]
[SourceQuality "1"]
[WhiteTeam "Clermont Ferrand"]
[BlackTeam "Bois Colombes II"]
[WhiteTeamCountry "FRA"]
[BlackTeamCountry "FRA"]

1. d4 d5 2. c4 dxc4 3. Nf3 a6 4. a4 Nf6 5. e3 Nc6 6. Bxc4 Bg4 7. Qb3 e6 8. Bd2 Rb8 9. a5 Be7 10. Bc3 Bxf3 11. gxf3 Nd5 12. f4 0-0 13. Nd2 Bh4 14. Ke2 Nce7 15. Nf3 Nxc3+ 16. bxc3 Ng6 17. Rhg1 Qd6 18. Rg4 Be7 19. Ne5 b5 20. Nxg6 hxg6 21. Bd3 c5 22. dxc5 Qxc5 23. h4 Rbc8 24. Kd2 Rfd8 25. Ke2 Qxc3 26. Qxc3 Rxc3 27. Rd1 Ra3 28. Rgg1 Bf6 29. e4 Bc3 30. Rc1 Ra2+ 0-1

[Event "FRA-chT2 0405"]
[Site "France"]
[Date "2005.03.12"]
[Round "8.8"]
[White "Ryan, Martin"]
[Black "Varlet, Nicolas"]
[Result "1-0"]
[WhiteElo "1956"]
[BlackElo "2150"]
[PlyCount "89"]
[EventDate "2004.10.10"]
[EventType "team"]
[EventRounds "11"]
[EventCountry "FRA"]
[SourceTitle "EXT 2006"]
[Source "ChessBase"]
[SourceDate "2005.11.24"]
[SourceVersion "1"]
[SourceVersionDate "2005.11.24"]
[SourceQuality "1"]
[WhiteTeam "Clermont Ferrand"]
[BlackTeam "Tours"]
[WhiteTeamCountry "FRA"]
[BlackTeamCountry "FRA"]

1. d4 Nf6 2. c4 g6 3. Nc3 d5 4. cxd5 Nxd5 5. e4 Nxc3 6. bxc3 Bg7 7. Nf3 0-0 8. Rb1 c5 9. Be2 Nc6 10. d5 Bxc3+ 11. Bd2 Bxd2+ 12. Qxd2 Na5 13. h4 Bg4 14. Ng5 Bxe2 15. Kxe2 e5 16. h5 h6 17. Nh7 g5 18. Nxf8 Kxf8 19. Qe3 Kg8 20. g3 b6 21. f4 Qc8 22. fxg5 Qg4+ 23. Qf3 Qxg5 24. Rh4 Qe7 25. Rf1 Rf8 26. Rg4+ Kh8 27. Qf6+ Qxf6 28. Rxf6 Kh7 29. d6 Nc6 30. d7 Nd4+ 31. Kd3 Ne6 32. Rgg6 b5 33. Rxh6+ Kg7 34. Rxe6 fxe6 35. Rxe6 Rd8 36. Rd6 Kf7 37. h6 a5 38. g4 Ke7 39. Rd5 Kf6 40. g5+ Kg6 41. Rd6+ Kh7 42. Ke3 a4 43. a3 Kg8 44. g6 Kh8 45. Re6 1-0

[Event "FRA-chT2 0405"]
[Site "France"]
[Date "2005.01.08"]
[Round "5.6"]
[White "De Pierrefeu, Thibault"]
[Black "Ryan, Martin"]
[Result "1-0"]
[WhiteElo "2194"]
[BlackElo "1956"]
[PlyCount "85"]
[EventDate "2004.10.10"]
[EventType "team"]
[EventRounds "11"]
[EventCountry "FRA"]
[SourceTitle "EXT 2006"]
[Source "ChessBase"]
[SourceDate "2005.11.24"]
[SourceVersion "1"]
[SourceVersionDate "2005.11.24"]
[SourceQuality "1"]
[WhiteTeam "Paris Chess XV I"]
[BlackTeam "Clermont Ferrand"]
[WhiteTeamCountry "FRA"]
[BlackTeamCountry "FRA"]

1. e4 c5 2. b4 cxb4 3. a3 bxa3 4. Bxa3 Nc6 5. d4 d6 6. d5 Ne5 7. Nf3 Nxf3+ 8. gxf3 Nf6 9. Bb2 e5 10. Bb5+ Bd7 11. Qd3 a6 12. Bxd7+ Nxd7 13. Nd2 Nc5 14. Qe3 b5 15. f4 f6 16. 0-0 Qd7 17. fxe5 dxe5 18. Kh1 Na4 19. Ba3 Bxa3 20. Qxa3 Rc8 21. c4 Nc5 22. cxb5 axb5 23. Rfc1 Na4 24. Rxc8+ Qxc8 25. Rc1 Qd7 26. Rc6 Kf7 27. Qc1 Qg4 28. Rc7+ Kg6 29. f3 Qg5 30. Qe1 Nb2 31. h4 Nd3 32. hxg5 Nxe1 33. gxf6 gxf6 34. Rc1 Nd3 35. Rc3 Nf2+ 36. Kg2 Nd1 37. Rb3 Ra8 38. Kg3 Ra2 39. Nf1 Rb2 40. Rd3 Nf2 41. d6 Nxd3 42. d7 Rg2+ 43. Kh4 1-0

[Event "FRA-chT2 0405"]
[Site "France"]
[Date "2004.11.07"]
[Round "3.8"]
[White "Murie, Eric"]
[Black "Ryan, Martin"]
[Result "1-0"]
[WhiteElo "2052"]
[BlackElo "1956"]
[PlyCount "83"]
[EventDate "2004.10.10"]
[EventType "team"]
[EventRounds "11"]
[EventCountry "FRA"]
[SourceTitle "EXT 2006"]
[Source "ChessBase"]
[SourceDate "2005.11.24"]
[SourceVersion "1"]
[SourceVersionDate "2005.11.24"]
[SourceQuality "1"]
[WhiteTeam "Nantes"]
[BlackTeam "Clermont Ferrand"]
[WhiteTeamCountry "FRA"]
[BlackTeamCountry "FRA"]

1. e4 c5 2. Nf3 d6 3. Bb5+ Bd7 4. Bxd7+ Qxd7 5. 0-0 Nf6 6. Re1 Nc6 7. d4 cxd4 8. Nxd4 g6 9. c3 Bg7 10. Nd2 Rc8 11. N2f3 Qc7 12. Nxc6 bxc6 13. e5 dxe5 14. Nxe5 Nd5 15. Qe2 Qxe5 16. Qxe5 Bxe5 17. Rxe5 f6 18. Re4 Rb8 19. Ra4 Rb7 20. b3 Nxc3 21. Rc4 Ne2+ 22. Kf1 Nxc1 23. Raxc1 Rb6 24. Rxc6 Rxc6 25. Rxc6 Kd7 26. Ra6 Ra8 27. Ke2 f5 28. f4 Kc7 29. b4 g5 30. fxg5 e5 31. Rh6 Rb8 32. Rxh7+ Kd6 33. Rxa7 Rxb4 34. Ra3 Rb2+ 35. Kf3 Rb4 36. h3 Rb1 37. h4 Rh1 38. Ra6+ Kd5 39. Ra5+ Kd4 40. g6 Rf1+ 41. Ke2 Rg1 42. Kf2 1-0

[Event "FRA-ch op-C"]
[Site "Aix les Bains"]
[Date "2003.08.22"]
[Round "4"]
[White "Hazarabedian, Guy"]
[Black "Ryan, Martin"]
[Result "0-1"]
[WhiteElo "1550"]
[BlackElo "1630"]
[PlyCount "82"]
[EventDate "2003.08.19"]
[EventType "swiss"]
[EventRounds "9"]
[EventCountry "FRA"]
[SourceTitle "EXT 2004"]
[Source "ChessBase"]
[SourceDate "2003.11.25"]
[SourceVersion "1"]
[SourceVersionDate "2003.11.25"]
[SourceQuality "1"]

1. d4 g6 2. c4 Bg7 3. Nc3 Nf6 4. e4 d6 5. f3 0-0 6. Be3 e5 7. dxe5 dxe5 8. Qxd8 Rxd8 9. Nd5 Na6 10. Ne7+ Kf8 11. Nxc8 Raxc8 12. a3 b6 13. Ne2 Nd7 14. b4 f5 15. Rd1 fxe4 16. fxe4 Nf6 17. Rxd8+ Rxd8 18. Nc3 c6 19. Bg5 Rd4 20. Bxf6 Bxf6 21. Be2 Bg5 22. 0-0+ Ke7 23. b5 Bd2 24. Nb1 cxb5 25. cxb5 Nc5 26. Nxd2 Rxd2 27. Bf3 Rb2 28. Rd1 Rxb5 29. Rd5 Rb1+ 30. Kf2 Rb2+ 31. Ke1 Kf7 32. Rd2 Rxd2 33. Kxd2 Ke6 34. Kc3 Kd6 35. Kb4 Kc6 36. a4 a5+ 37. Ka3 Ne6 38. Bd1 Kc5 39. Kb3 Kd4 40. Bf3 Nc5+ 41. Ka3 Nxe4 0-1